书目信息 |
| 题名: |
构建社会主义和谐社会实用手册
|
|
| 作者: | 本书编写组 | |
| 分册: | ||
| 出版信息: | 北京 中国方正出版社 2005.04 |
|
| 页数: | 260页 | |
| 开本: | 20cm | |
| 丛书名: | ||
| 单 册: | ||
| 中图分类: | D616 | |
| 科图分类: | ||
| 主题词: | 社会主义建设--she hui zhu yi jian she--中国--自学参考资料 | |
| 电子资源: | ||
| ISBN: | 7-80107-976-0 | |
| 000 | 00786nam0 2200205 450 | |
| 001 | 012006886042 | |
| 005 | 20060927162118.21 | |
| 010 | @a7-80107-976-0@dCNY14.00 | |
| 100 | @a20060822d2005 km y0chiy0120 ea | |
| 101 | 0 | @achi |
| 102 | @aCN@b110000 | |
| 105 | @ay z 000yy | |
| 200 | 1 | @a构建社会主义和谐社会实用手册@Agou jian she hui zhu yi he xie she hui shi yong shou ce@f本书编写组@Fben shu bian xie zu |
| 210 | @a北京@c中国方正出版社@d2005.04 | |
| 215 | @a260页@d20cm | |
| 330 | @a本书参考了大量的报章资料,分理论篇、文献篇、落实篇、国情篇、知识篇。为广大读者深入学习和全面了解构建社会主义和谐社会理论及有关知识提供了有效的信息。 | |
| 606 | 0 | @a社会主义建设@Ashe hui zhu yi jian she@y中国@j自学参考资料 |
| 690 | @aD616@v4 | |
| 801 | 0 | @aCN@c20060927 |
| 905 | @a10447@dD616@eG433 | |
| 构建社会主义和谐社会实用手册/本书编写组.-北京:中国方正出版社,2005.04 |
| 260页;20cm |
| ISBN 7-80107-976-0:CNY14.00 |
| 本书参考了大量的报章资料,分理论篇、文献篇、落实篇、国情篇、知识篇。为广大读者深入学习和全面了解构建社会主义和谐社会理论及有关知识提供了有效的信息。 |
| ● |
| 相关链接 |
|
|
|
正题名:构建社会主义和谐社会实用手册
索取号:D616/G433
 
预约/预借
| 序号 | 登录号 | 条形码 | 馆藏地/架位号 | 状态 | 备注 |
| 1 | 220286 | 202202865 | 社科库509/509社科库 72排3列3层/ [索取号:D616/G433] | 在馆 | |
| 2 | 220287 | 202202874 | 社科库509/509社科库 72排3列3层/ [索取号:D616/G433] | 在馆 | |
| 3 | 220288 | 202202883 | 社科库509/509社科库 72排3列3层/ [索取号:D616/G433] | 在馆 |